Bespoke Treaties or Standard Models?: (Record no. 213139)
[ view plain ]
| 000 -LEADER | |
|---|---|
| fixed length control field | 00809nam a22002177a 4500 |
| 005 - DATE AND TIME OF LATEST TRANSACTION | |
| control field | 20250825113323.0 |
| 010 ## - LCCN (DPL NO) | |
| LC control number | ENG-146499 |
| 020 ## - INTERNATIONAL STANDARD BOOK NUMBER | |
| International Standard Book Number | 9789349015197 |
| Terms of availability | 695.00 |
| 035 ## - SYSTEM CONTROL NUMBER | |
| System control number | EN-130031 |
| 037 ## - SOURCE OF ACQUISITION | |
| Source of stock number/acquisition | DBAD |
| 082 ## - DEWEY DECIMAL CLASSIFICATION NUMBER | |
| Classification number | 382.1 |
| Edition number | 1 |
| 100 ## - MAIN ENTRY--PERSONAL NAME | |
| Personal name | Nedumpara, James J |
| 245 ## - TITLE STATEMENT | |
| Title | Bespoke Treaties or Standard Models?: |
| Remainder of title | A Study of International Investment Treaty Provisions of India’s Key Trade Partners/ |
| Statement of responsibility, etc | James J Nedumpara; Sunanda Tewari [and] Pushkar Reddy |
| 250 ## - EDITION STATEMENT | |
| Edition statement | 1 |
| 260 ## - PUBLICATION, DISTRIBUTION, ETC. (IMPRINT) | |
| Place of publication, distribution, etc | Gurgaon |
| Name of publisher, distributor, etc | Lexis Nexis |
| Date of publication, distribution, etc | 2025 |
| 270 ## - ADDRESS | |
| Address | 14th Floor, Building No.10, Tower-B, DLF Cyber City, Phase-II |
| City | Gurgaon |
| Postal code | 122002 |
| 300 ## - PHYSICAL DESCRIPTION | |
| Extent | xxxvi, 266p. |
| Dimensions | 24cm(pb) |
| 700 ## - ADDED ENTRY--PERSONAL NAME | |
| Personal name | Tewari, Sunanda |
| Relator term | Author |
| 9 (RLIN) | 84301 |
| 700 ## - ADDED ENTRY--PERSONAL NAME | |
| Personal name | Reddy, Pushkar |
| Relator term | Author |
| 9 (RLIN) | 84303 |
| 942 ## - ADDED ENTRY ELEMENTS (KOHA) | |
| Source of classification or shelving scheme | Dewey Decimal Classification |
| Item type | English Books |
| Call number suffix | NED |
| Classification part | 382.1 |
| Withdrawn status | Lost status | Not for loan | Collection code | Home library | Current library | Date acquired | Source of acquisition | Cost, normal purchase price | Full call number | Barcode | Copy number | Cost, replacement price | Koha item type |
|---|---|---|---|---|---|---|---|---|---|---|---|---|---|
| Non-fiction | Patel Nagar | Patel Nagar | 25/08/2025 | Delivery of Books Act Division | 695.00 | NED 382.1 | EN-130031 | 1 | 695.00 | English Books |
